000 01070nam a2200313 i 4500
003 EG-GICUC
005 20260421131744.0
008 260421s1866 fr fr|||| 00| 0 fre d
040 _aEG-GiCUC
_bfre
_cEG-GiCUC
_dEG-GiCUC
_eRda
041 _afre
082 0 4 _221
_a343.8
_bHE . T
092 0 4 _221
099 _aLaw1 10 343.8 HE . T 1866
100 1 _aHélie, Faustin,
_eAuteur
245 1 0 _aTraité de l'instruction criminelle :
_bou, Théorie du Code dins'truction criminelle /
_cpar M. Faustin Hélie.
250 _a Deuxième édition, entièrement revue et considérablement augmentée
264 1 _aParis :
_bHenri Plon, imprimeur-éditeur,
_c1866
300 _a520page;
_c 24 cm.
336 _2rda contenu
_a texte
337 _2rda medias
_aOrdinateur
338 _2 transporteur rda
_a Ressource en ligne
500 _aTome troisième
546 _aTexte en français
650 1 _aDroit pénal
_zFrance
_2qrmak
651 1 _2qrmak
856 4 0 _uhttps://fll.law.cu.edu.eg/fulltext/bks/B10-10546.pdf
905 _a167
942 _2ddc
_cBK
_e21
_n0
999 _c72543
_d72543